| 000 | 01116cam a22003734a 4500 | ||
|---|---|---|---|
| 001 | 14589635 | ||
| 005 | 20180111094134.0 | ||
| 008 | 061006s2008 paua b 001 0 eng | ||
| 010 | _a 2006033461 | ||
| 016 | 7 |
_a101289336 _2DNLM |
|
| 020 | _a1416031057 (set) | ||
| 020 | _a9781416031055 (set) | ||
| 020 | _a9996014460 (v. 1) | ||
| 020 | _a9789996014468 (v. 1) | ||
| 020 | _a9996014525 (v. 2) | ||
| 020 | _a9789996014529 (v. 2) | ||
| 035 | _a(OCoLC)ocm72774314 | ||
| 035 | _a(OCoLC)72774314 | ||
| 040 |
_aDNLM/DLC _cDLC _dNLM _dBTCTA _dBAKER _dC#P _dDLC |
||
| 041 | _aeng | ||
| 042 | _apcc | ||
| 060 | 1 | 0 |
_aWJ 300 _bB8375 2008 |
| 080 | _a616.61 BRE | ||
| 082 | 0 | 0 |
_a616.61 BRE _222 |
| 100 | _a8 | ||
| 101 | _aORT | ||
| 245 | 0 | 0 |
_aBrenner & Rector's the kidney / _c[edited by] Barry M. Brenner. |
| 246 | 3 | _aBrenner and Rector's the kidney | |
| 246 | 3 | 0 | _aKidney |
| 504 | _aIncludes bibliographical references and index. | ||
| 906 |
_a7 _bcbc _corignew _d1 _eecip _f20 _gy-gencatlg |
||
| 942 |
_2ddc _cBK |
||
| 999 |
_c40156 _d40156 |
||